Представление документа в формате RUSMARC

ПолеНазваниеЗначение
  Тип записи a
  Библиографический уровень m
001 Контрольный номер RU/IS/BASE/477417738
005 Дата корректировки 20240209174546.5
010 Индекс ISBN __
a ISBN 978-5-9795-1164-1
d Цена 15 р. 00 к.
9 Тираж 50 экз.
100 Данные общей обработки __
a Данные общей обработки 20150216d2015 ||| 0rusy0189 ca
101 Язык документа 0_
a Язык текста rus
102 Страна публикации __
a Страна публикации RU
105 Кодированные данные (монография) __
a Кодированные данные (монография) y###||||000|y
200 Заглавие и сведения об ответственности 1_
a Заглавие Проектирование и схемотехническое моделирование микропроцессорных устройств
b Общее обозначение материала Текст
e Сведения, относящиеся к заглавию учебное пособие
f Первые сведения об ответственности В. И. Смирнов
210 Выходные данные 1_
a Место издания Ульяновск
c Издательство УлГТУ
d Дата издания 2013
215 Физическое описание __
a Объем 119 с.
c Иллюстрации/тип воспроизводства ил.
d Формат 20 см.
300 Общие примечания __
a Общие примечания Ограничения по возрасту - 18+
606 Тематические рубрики 1_
a Основная рубрика Микроконтроллеры - Проектирование - Учебные пособия
610 Ключевые слова 1_
a Ключевые слова микропроцессорные устройства
a Ключевые слова микроконтроллеры
a Ключевые слова проектирование
a Ключевые слова моделирование
686 Индексы других классификаций __
a Классификационный индекс 32.973.26я73
2 Код системы ББК
700 Автор _0
a Фамилия Смирнов
b Имя (инициалы) Виталий Иванович
g Полное личное имя В. И.
801 Источник записи _0
a Страна RU
b Организация МБУК ЦБС
c Дата составления 20150216
g Правила каталогизации RCR
801 Источник записи _1
a Страна RU
b Организация МБУК ЦБС г. Ульяновска
c Дата составления 20150216
g Правила каталогизации RCR
899 Данные о местонахождении __
i Авторский знак С 50
j Расстановочный фильтр 32.973.26
901 Тип документа __
t Тип документа m
910 Корректоры записи __
a Корректор записи Скрипина